banner-ar

المعرفى والايديولوجى فى الفكرالعربى المعاصر: (Record no. 59830)

MARC details
000 -الفاتح
حقل البيانات ثابتة الطول 01227nam a22002657a 4500
005 - وقت وتاريخ اخر تعامل مع التسجيلة
رقم الضبط 20240530110338.0
008 - عناصر البيانات ثابتة الطول - معلومات عامة
حقل البيانات ثابتة الطول 141023s2010 le gr 001 0dara d
020 ## - الرقم الدولى المعيارى للكتب
الرقم الدولى المعيارى للكتاب 9789953823553
040 ## - مصدر الفهرسة
وكالة الفهرسة الأصلية EG-CaGPL
082 04 - رقم تصنيف ديوى العشرى
رقم الطبعة 21
رقم التصنيف 306.42\
رقم المادة م م
110 0# - المدخل الرئيسى - إسم هيئة
اسم الهيئة أو اسم السلطة كمدخل مركز دراسات الوحدة العربية
245 12 - بيان العنوان
العنوان المعرفى والايديولوجى فى الفكرالعربى المعاصر:
بقية العنوان بحوث ومناقشات الندوة الفكرية التى نظمها مركز دراسات الوحدة العربية /
بيان المسئوليه,etc مركز دراسات الوحدة العربية
260 ## - PUBLICATION, DISTRIBUTION, ETC. (IMPRINT)
تاريخ النشر أو التوزيع 2010
300 ## - الوصف المادى
التعداد 527 ص ؛
أبعاد الوعاء 24 سم
650 04 - المدخل الاضافى بالموضوع-مصطلح موضوعى
مصطلح موضوعي علم اجتماع المعرفة
650 04 - المدخل الاضافى بالموضوع-مصطلح موضوعى
مصطلح موضوعي الفكر العربى
650 04 - المدخل الاضافى بالموضوع-مصطلح موضوعى
مصطلح موضوعي الايديولوجيا
650 04 - المدخل الاضافى بالموضوع-مصطلح موضوعى
مصطلح موضوعي التراث العربى
700 ## - المدخل الاضافى - اسم شخصى
الإسم الشخصى حسن حنفى عبدالعزيز
الدور مؤلف مشارك
700 ## - المدخل الاضافى - اسم شخصى
الإسم الشخصى عبدالعزيز لبيب
الدور مؤلف مشارك
700 ## - المدخل الاضافى - اسم شخصى
الإسم الشخصى رضوان السيد
الدور مؤلف مشارك
700 ## - المدخل الاضافى - اسم شخصى
الإسم الشخصى عبدالاله بلقزيز
الدور محرر
942 ## - عناصر المدخل الإضافي( كوها)
مصدر التصنيف او مخطط الترفيف Dewey Decimal Classification
Koha [default] item type كتاب
260 ## - PUBLICATION, DISTRIBUTION, ETC. (IMPRINT)
-- بيروت :
-- مركز دراسات الوحدة العربية ،
Holdings
حالة التراجع حالة الفقد حالة تلف ليس للاعارة المكان المؤقت الموقع الحالى تاريخ الاكتساب اجمالي اﻻعارات رقم الطلب الباركود تاريخ اخر مشاهدة تاريخ تفعيل السعر نوع وعاء كوها
        مكتبة القاهرة الكبرى مكتبة القاهرة الكبرى 10/23/2014   306.42\ م م 158786 10/23/2014 10/23/2014 كتاب

Powered By

EGPV